Score 0/14 Timer 02:00
4 Plays Today
Clue 4-Letter Word % Correct
Where a flag is raisedPOLE
93.9%
Bacon, e.g.PORK
87.7%
U.S. presidentPOLK
84.1%
Dull, slow-witted personDORK
80.8%
Like a shaded areaDARK
78.6%
Subject of bathroom humorFART
65%
Type of boardDART
64.3%
Clue 4-Letter Word % Correct
Subject of bathroom humorPOOP
47.8%
U.S. presidentFORD
45.5%
Bacon, e.g.FOOD
36.7%
Dull, slow-witted personFOOL
36.6%
Where a flag is raisedFORT
35.6%
Like a shaded areaCOOL
27.1%
Type of boardCO-OP
19.8%

Today's Daily Dose

Missing Word
I Hardly Know Her!

Word Ladder
Sentence Ending

Quick Pick
Female Firsts

Get the Picture
Triathlon Sports

Remove Ads.
Support Sporcle.
Get the best of Sporcle when you Go Orange. This ad-free experience offers more features, more stats, and more fun while also helping to support Sporcle. Thank you for becoming a member.

You're not logged in!

Compare scores with friends on all Sporcle quizzes.
OR
Log In

Show Comments

Extras

Top Quizzes Today


Score Distribution

Your Account Isn't Verified!

In order to create a playlist on Sporcle, you need to verify the email address you used during registration. Go to your Sporcle Settings to finish the process.

Report this User

Report this user for behavior that violates our Community Guidelines.

Details: